Dynamical systems: differential equations, maps and chaotic behaviour
Shranjeno v:
| Main Authors: | , |
|---|---|
| Format: | Knjiga |
| Jezik: | angleščina |
| Izdano: |
Boca Ratón
Chapman and Hall
1992
|
| Izdaja: | 1a. ed |
| Teme: | |
| Oznake: |
Označite
Brez oznak, prvi označite!
|
MARC
| LEADER | 00000nam a2200000 a 4500 | ||
|---|---|---|---|
| 001 | UCI3005 | ||
| 003 | CL-VaPUC | ||
| 008 | 071005e19920000US |||||||||||||||||eng|d | ||
| 020 | |a 0412390809 | ||
| 082 | 0 | 4 | |a 515.35 |b ARR |2 21 |
| 100 | 0 | |a Arrowsmith, D. K |e author |9 524289 | |
| 700 | 0 | |a Place, C. M |e author |9 524290 | |
| 245 | 1 | 0 | |a Dynamical systems: differential equations, maps and chaotic behaviour |
| 250 | |a 1a. ed | ||
| 300 | |a 330 p | ||
| 942 | |c BK | ||
| 945 | |d 20071005 00:00:00 |a cmena | ||
| 260 | |a Boca Ratón |b Chapman and Hall |c 1992 | ||
| 650 | 0 | |a Sistemas dinámicos |9 260496 | |
| 650 | 0 | |a Ecuaciones diferenciales |9 260083 | |
| 650 | 0 | |a Estabilidad matemática |9 426828 | |
| 650 | 0 | |a Teoría del caos |9 430624 | |
| 650 | 0 | |a Modelos matemáticos |9 259437 | |
| 583 | |a last modification |c 20071005 00:00:00 |k Rodrigo Vera | ||
| 999 | |c 327402 |d 327400 | ||
| 952 | |0 0 |1 0 |4 0 |6 515_350000000000000_ARR_1992 |7 0 |8 A |9 410197 |a BIBMAT |b BIBMAT |d 2019-11-22 |i 4342348 |o 515.35 ARR 1992 |p 4342348 |r 2025-01-07 |w 2019-11-22 |y BK |k MAT | ||
| 952 | |0 0 |1 0 |4 0 |6 515_350000000000000_ARR_1992 |7 0 |8 A |9 410198 |a BIBMAT |b BIBMAT |d 2019-11-22 |i 4342356 |o 515.35 ARR 1992 |p 4342356 |r 2025-01-07 |w 2019-11-22 |y BK |k MAT | ||